000 00429ntaaa2200181 4500
003 01
005 20251027201848.0
008 0714s1973 ag 01
040 _aAR-BaBN
_bspa
_cAR-BaBN
_eaacr
_dRIC
082 _a248.2000 G65q
100 _aGordon, S.D.
_95950
245 _aQuiet talks on power
250 _a1 ed.
260 _aChicago :
_bRevell Company,
_c1903
300 _a220 p
650 _avida cristiana
942 _cBK
999 _c13315
_d13315